Catálogo

METAFISICA Y ETICA EN NUESTROS DIAS (Registro nro. 19730)

Detalles MARC
000 -LEADER
fixed length control field 00399nam a2200157 a 4500
001 - CONTROL NUMBER
control field 19730
005 - DATE AND TIME OF LATEST TRANSACTION
control field 20180713213216.0
008 - FIXED-LENGTH DATA ELEMENTS--GENERAL INFORMATION
fixed length control field 140415s1996 000 0 spa d
041 ## - LANGUAGE CODE
Language code of text/sound track or separate title spa
082 ## - DEWEY DECIMAL CLASSIFICATION NUMBER
Classification number 170
Item number VEN
100 1# - MAIN ENTRY--PERSONAL NAME
Personal name VENTURA CAPILLA, MARIA TERESA
245 10 - TITLE STATEMENT
Title METAFISICA Y ETICA EN NUESTROS DIAS
260 ## - PUBLICATION, DISTRIBUTION, ETC.
Place of publication, distribution, etc. [s.l.] :
Name of publisher, distributor, etc. HOMO,
Date of publication, distribution, etc. 1996
300 ## - PHYSICAL DESCRIPTION
Extent 224
650 14 - SUBJECT ADDED ENTRY--TOPICAL TERM
Topical term or geographic name entry element MORAL
Existencias
Withdrawn status Lost status Source of classification or shelving scheme Damaged status Not for loan Collection code Home library Current library Shelving location Date acquired Source of acquisition Inventory number Total Checkouts Full call number Barcode Date last seen Price effective from Koha item type Date last checked out
    Dewey Decimal Classification     General Biblioteca Karol Wojtyla Biblioteca Karol Wojtyla Sala general 03/12/2013 Compra 151000000000000000063274   170 VEN 39302 05/01/2026 03/12/2013 Libro  
    Dewey Decimal Classification     General Biblioteca Karol Wojtyla Biblioteca Karol Wojtyla Sala general 03/12/2013 Compra 151000000000000000063275 1 170 VEN 39303 05/01/2026 03/12/2013 Libro 06/02/2019
    Dewey Decimal Classification     General Biblioteca Karol Wojtyla Biblioteca Karol Wojtyla Sala general 03/12/2013 Compra 151000000000000000063277 1 170 VEN 39305 05/01/2026 03/12/2013 Libro 19/08/2022
    Dewey Decimal Classification     General Biblioteca Karol Wojtyla Biblioteca Karol Wojtyla Sala general 03/12/2013 Compra 151000000000000000063276   170 VEN 39304 05/01/2026 03/12/2013 Libro